[Event "FIDE Online-ch U18 Girls 2020"]
[Site "Online"]
[Date "2020.12.19"]
[Round "1.2"]
[White "Pires, Luzia"]
[Black "Cervantes Landeiro, Thalia"]
[Result "1/2-1/2"]
[WhiteElo "1752"]
[BlackElo "2311"]
[Annotator "TA"]
[PlyCount "159"]
[EventDate "2020.12.18"]
[EventType "k.o."]
[EventCountry "NET"]
[SourceTitle "playchess.com"]
[Source "ChessBase"]
[SourceQuality "1"]

{[%evp 9,159,-19,1,-12,0,0,0,-4,0,-22,-20,-21,-24,-33,-33,-40,-22,-58,-33,-77,-77,-180,-156,-152,-161,-167,-114,-353,-204,-309,-242,-237,-238,-263,-214,-222,-218,-205,-110,-112,-97,-102,-89,-119,-91,-445,-258,-278,-285,-285,0,0,34,40,80,60,142,101,281,10,10,0,12,12,15,11,11,11,15,12,45,0,0,0,0,0,0,0,0,0,0,0,0,0,0,0,0,0,0,0,0,0,0,0,0,0,0,0,0,-13,0,-8,0,-14,0,-8,0,0,0,0,0,0,0,0,0,0,0,0,0,0,0,0,8,0,0,0,0,0,8,6,8,0,0,0,0,0,0,0,0,0,0,0,0,0,0,0,0,0,0,0,8,0]} 1. e4 c5 2. Nf3 d6 3. Bc4 e6 4. a3 a6 5. d3 b5 6. Ba2 {B50: Sicilian: 2...d6, Miscellaneous.} Nc6 7. O-O Nf6 8. h3 Be7 9. Nc3 O-O 10. Nh2 d5 11. exd5 exd5 {[#]} 12. Bd2 $146 ({Predecessor:} 12. Bg5 Be6 13. Ne2 h6 14. Bh4 Bd6 15. f4 c4 16. d4 g5 17. fxg5 Ne4 18. c3 hxg5 {0-1 (24) Trofimova,A (1939)-Budnikov,O (2423) Yuzhny 2009}) 12... Bb7 13. Ng4 c4 14. dxc4 dxc4 15. Nh2 (15. Bg5 $17) 15... h6 16. b3 cxb3 $1 17. Bxb3 Bc5 (17... Qc7 $19 18. Nf3 Rad8) 18. Qc1 $2 (18. Ng4 $17) 18... Na5 (18... Nd4 $142 19. Kh1 Rc8) 19. Ne2 (19. Ba2 {might work better.}) 19... Nxb3 20. cxb3 Rc8 21. Qb2 Ne4 22. Rad1 Qb6 23. Ng4 {[#]} f5 (23... Ng3 $1 $19 {[%mdl 512]} 24. Rfe1 (24. Nxg3 $2 Qc6 $19) 24... Nxe2+ 25. Rxe2 Qc6) 24. b4 $17 fxg4 25. bxc5 Qg6 (25... Qxc5 26. Bb4 $16) 26. Qb3+ Kh8 27. Bb4 $2 {[%mdl 8192]} (27. Bc1 $17 {is a better chance.}) 27... gxh3 (27... Ng5 $142 28. h4 Nh3+ $1 {[%mdl 512]} 29. Kh2 Bxg2 $1 {[%mdl 576] Decoy}) 28. Qxh3 $19 {With the idea c6!} Ng5 $1 {[%cal Rg5h3]} ({Weaker is} 28... Nxc5 29. Qg3 $15) 29. Qg3 {[#]} Rf6 $2 (29... Bxg2 $1 $19 {[%mdl 512]} 30. Kxg2 (30. Qxg2 $2 {leads to mate.} Nf3+ 31. Kh1 Qh5+ 32. Qh3 Qxh3#) 30... Qe4+ {[%mdl 64] Double Attack} 31. f3 Qxe2+ 32. Qf2 Qe8) 30. Rd6 $11 Rxd6 31. cxd6 Qf7 32. Nf4 Ne4 (32... Kg8 $14) 33. Qg4 {aiming for d7.} a5 $2 (33... Kg8 $16) 34. Bxa5 $2 (34. d7 $18 Ra8 {[#]} 35. Be7 $1 {[%mdl 576] Promotion}) 34... Nxd6 35. Rd1 Qf5 36. Qxf5 Nxf5 37. Rd7 Bc6 38. Rf7 Nd6 39. Re7 Nf5 (39... Kh7 {keeps more tension.} 40. Bb4 Nf5 41. Rf7 Nd4 42. Ra7 Be8) 40. Ra7 (40. Re5 {is interesting.} Ra8 41. Bb4 Nd4 42. Bc3 Ra4 43. Ne6) 40... Ra8 {The position is equal.} 41. Rxa8+ Bxa8 {[%mdl 4096] Endgame KBN-KBN} 42. Kh2 Nd4 43. Bc3 Nc2 44. Bb2 Kg8 45. Nh5 g5 46. g3 Kf7 47. g4 Ne1 48. Kg3 Nd3 49. Bc3 Nc1 {And now ...Ne2+ would win.} 50. Bb4 Ne2+ 51. Kh3 Bf3 52. Bc5 Kg6 53. Bb4 Bd5 54. Bc5 Bf3 55. Be7 Bd5 56. Bd6 Bf3 57. Bc7 Bd5 58. f4 gxf4 59. Bxf4 Be6 60. Be5 Bd5 61. Nf6 {Cut Off at move 61} Bc6 62. Ng8 Bd7 63. Kh4 Ng1 {...Nf3+ is the strong threat.} 64. Bf4 Nf3+ 65. Kg3 Ng5 66. Ne7+ Kf7 67. Nd5 Kg6 68. Nc3 h5 69. gxh5+ Kxh5 70. Bxg5 Kxg5 {KB-KN} 71. Kf3 Kf5 72. Ke3 Ke5 73. Ne2 Kd5 74. Kd3 b4 75. Nf4+ Kc5 76. axb4+ Kxb4 77. Kd4 Bc6 78. Nd3+ Kb5 79. Ne5 Kb6 80. Nxc6 {Weighted Error Value: White=0.34/Black=0.28} 1/2-1/2

[Event "FIDE Online-ch U18 Girls 2020"]
[Site "Online"]
[Date "2020.12.19"]
[Round "1.2"]
[White "Shaw, Laurie Ann"]
[Black "Yip, Carissa"]
[Result "0-1"]
[WhiteElo "1408"]
[BlackElo "2421"]
[Annotator "TA"]
[PlyCount "62"]
[EventDate "2020.12.18"]
[EventType "k.o."]
[EventCountry "NET"]
[SourceTitle "playchess.com"]
[Source "ChessBase"]
[SourceQuality "1"]

{[%evp 24,62,79,62,62,65,62,63,63,25,21,-29,-29,-53,-22,-39,-16,-21,-32,-37,0,-67,-81,-78,-86,-100,-106,-161,-108,-287,-272,-264,-282,-445,-445,-508,-463,-583,-533,-1182,-1158]} 1. d4 g6 2. c4 Bg7 3. Nc3 Nf6 4. e4 O-O 5. Be2 d6 6. Nf3 e5 7. O-O Nc6 8. d5 Ne7 9. Ne1 Ne8 10. Be3 f5 11. f3 f4 12. Bf2 g5 13. b4 h5 {E98: King's Indian: Classical Main Line: 9 Ne1.} 14. c5 Rf6 15. Rc1 Rg6 {White is slightly better.} 16. cxd6 cxd6 {[#]} 17. Rc2 $146 ({Predecessor:} 17. h3 Kh7 18. Nb5 Ng8 19. Nxa7 Bd7 20. a4 Nh6 21. Bb5 g4 22. Bxd7 Qxd7 23. hxg4 hxg4 24. fxg4 Nxg4 {0-1 (54) Gencer,A (1647)-Aslan,L (1587) Cesme 2016}) 17... g4 {Hoping for ...g3.} 18. Kh1 g3 19. Bg1 $1 Bf8 20. Qc1 Rg7 21. Nb5 Bd7 22. Nc7 (22. Nxa7 $11 gxh2 23. Bf2) 22... Nxc7 $15 23. Rxc7 Rc8 24. Rxc8 Nxc8 25. Qc2 (25. a4 $17) 25... Nb6 (25... b5 $19 26. Qc1 Nb6) 26. Nd3 $2 {This move loses the game for White.} (26. b5 $17) 26... Qg5 $19 27. Ne1 {[#]} h4 $1 28. Bd3 (28. Bxb6 $142 axb6 29. h3) 28... h3 {Black is clearly winning.} 29. Qe2 hxg2+ 30. Qxg2 Qh6 {Threatens to win with ...Bh3.} 31. Nc2 {[#]} Bh3 $1 {[%mdl 576] Skewer.  Weighted Error Value: White=0.61/Black=0.11} 0-1

[Event "FIDE Online-ch U18 Girls 2020"]
[Site "Online"]
[Date "2020.12.19"]
[Round "1.3"]
[White "Cervantes Landeiro, Thalia"]
[Black "Pires, Luzia"]
[Result "1-0"]
[WhiteElo "2311"]
[BlackElo "1752"]
[Annotator "TA"]
[PlyCount "107"]
[EventDate "2020.12.18"]
[EventType "k.o."]
[EventCountry "NET"]
[SourceTitle "playchess.com"]
[Source "ChessBase"]
[SourceQuality "1"]

{[%evp 10,107,35,43,60,31,225,29,27,35,70,39,50,43,38,39,40,7,40,31,62,64,81,78,94,84,111,56,117,106,123,106,138,47,58,58,147,122,139,118,403,408,422,386,417,396,570,540,549,411,658,667,650,646,632,665,675,672,764,746,715,632,632,630,627,620,629,626,632,632,620,612,587,361,609,600,873,873,935,837,1034,1013,29978,29979,29983,29984,29985,29986,29987,29988,29988,29989,29989,29990,29990,29991,29991,29992,29993,29994]} 1. d4 Nf6 2. c4 d6 3. Nf3 g6 4. Nc3 Bg7 5. h3 O-O 6. e4 Re8 {E90: King's Indian: Classical: Early deviations and 6 h3.} 7. Be2 Nbd7 $2 ({Better is} 7... Nc6 $14) 8. O-O $2 (8. e5 $18) 8... e5 $1 $11 {[%cal Re5d4] next ...exd4 is good for Black.White has an edge.} 9. d5 h6 {[#]} 10. Bd2 $146 ({Predecessor:} 10. Be3 a6 11. b4 Nf8 12. c5 N6h7 13. Rc1 f5 14. exf5 gxf5 15. Nh2 f4 16. Bd2 Nf6 {0-1 (51) Simenda,D (1509)-Gabriel,I (1652) Batumi 2018}) 10... Nc5 11. Qc2 $36 {[%mdl 2048] Black is under pressure.} a5 12. Be3 b6 13. b3 {[%cal Bb2b3,Bb3b4][%mdl 32]} Rf8 14. a3 Nh5 15. b4 Nd7 16. g3 Nb8 17. Kh2 Kh7 18. Ng1 ({White should play} 18. c5 $16) 18... Nf6 (18... f5 $14) 19. c5 $16 bxc5 20. bxc5 c6 21. dxc6 (21. Rad1 $16) 21... Nxc6 $14 22. cxd6 $1 Qxd6 {Black is on the road to losing.} (22... Bb7 $14) 23. Nb5 $16 Qd7 24. Rfd1 Qb7 $2 {[%mdl 8192]} (24... Nd4 $16 {might work better.} 25. Nxd4 exd4) 25. Nd6 $18 Qc7 26. Rac1 Bd7 27. Bb5 Rac8 (27... Rad8 $142 28. Qa4 Qb8 29. Bxc6 Bg4 30. hxg4 Nxg4+ 31. Kh3 Nxe3) 28. Nxc8 Rxc8 29. Qa4 Qb7 {[#]} (29... Be8 $142 30. Rc5 Qb7) 30. Rxd7 $1 {[%mdl 512]} Qxd7 31. Rxc6 Rxc6 32. Bxc6 Qc7 33. Qb5 Bf8 34. a4 Bb4 35. Bd5 Kg7 36. Qc6 Qxc6 37. Bxc6 Ng8 38. Nf3 f6 39. Nd2 Ne7 40. Bb5 f5 41. exf5 gxf5 $2 (41... Nxf5 42. Nc4 Nxe3 43. fxe3 Kf6) 42. Nc4 Ng6 43. Bb6 Kf6 44. Bxa5 Bc5 45. Bb6 Bxb6 46. Nxb6 {White mates.} f4 47. a5 fxg3+ 48. fxg3 Nf8 49. a6 Ne6 50. a7 Nc7 {[#]} 51. Nd5+ $1 {[%mdl 64] Deflection, Promotion} Nxd5 52. a8=Q Ne3 53. Qf3+ Nf5 54. g4 {[%mdl 64] Pin.  Weighted Error Value: White=0.30/Black=0.49} 1-0

[Event "FIDE Online-ch U18 Girls 2020"]
[Site "Online"]
[Date "2020.12.19"]
[Round "1.4"]
[White "Morris-Suzuki, Sophie"]
[Black "Solozhenkina, Elizaveta"]
[Result "0-1"]
[WhiteElo "2043"]
[BlackElo "2271"]
[Annotator "TA"]
[PlyCount "134"]
[EventDate "2020.12.18"]
[EventType "k.o."]
[EventCountry "NET"]
[SourceTitle "playchess.com"]
[Source "ChessBase"]
[SourceQuality "1"]

{[%evp 19,133,35,50,-10,0,-40,-18,-25,-32,-53,-39,-46,-27,-37,-8,-26,-19,-43,-15,-41,-6,0,-6,-19,-12,-22,-4,-35,-20,-28,-8,0,0,0,0,-79,-68,-74,-68,-71,-77,-154,-114,-115,-108,-156,-121,-144,-100,-158,-160,-161,-164,-157,-100,-100,-100,-128,-128,-374,-387,-367,-291,-291,-283,-768,-703,-703,-693,-817,-774,-876,-847,-29976,-29977,-29977,-29978,-29978,-29979,-29978,-29979,-29979,-29980,-29981,-29979,-29982,-29983,-29983,-29984,-29984,-29985,-29985,-29986,-29986,-29985,-29985,-29986,-29987,-29988,-29988,-29989,-29989,-29990,-29990,-29991,-29991,-29992,-29992,-29993,-29997,-29998,-29998,-29998,-29998,-29999,-29999]} 1. e4 d6 2. d4 Nf6 3. Nc3 g6 4. f4 Bg7 5. Nf3 O-O 6. Bd3 Na6 7. O-O c5 8. d5 Rb8 9. Qe2 Nc7 10. a4 b6 11. Rd1 {B09: Pirc Defence: Austrian Attack.} ({White should try} 11. Bd2 $14) 11... a6 $1 $11 {[#]} 12. Bd2 $146 ({Predecessor:} 12. e5 Nfxd5 13. Nxd5 Nxd5 14. Bxa6 Bxa6 15. Qxa6 Nb4 16. Qe2 Qc7 17. Bd2 Nc6 18. Bc3 Rbd8 {0-1 (52) Kelbling,P (2124)-Harms,A (2169) Germany 2010}) 12... b5 13. axb5 {The position is equal.} axb5 {White must now prevent ...c4.} 14. e5 Nfxd5 15. Nxd5 Nxd5 16. Bxb5 Bb7 17. Bc4 Qc8 18. Ra7 dxe5 19. fxe5 Nb6 20. Ba6 Bxa6 21. Rxa6 Rd8 22. Raa1 Qe6 23. Ba5 Rxd1+ 24. Rxd1 h6 25. b3 c4 26. Nd4 Qd5 ({Wrong is} 26... Qxe5 $2 27. Qxe5 Bxe5 28. Nc6 $18) 27. Bxb6 (27. b4 $1 $11) 27... Rxb6 $17 28. Qxc4 Qxc4 29. bxc4 Bxe5 $11 {[%mdl 4096] Endgame KRB-KRN} 30. Nb3 ({White should play} 30. Kf2) 30... Kg7 31. g3 Rb4 32. Rd5 Kf6 33. Rc5 Ke6 34. Kg2 ({Better is} 34. Kf1) 34... Bd6 $17 35. Rc8 Kd7 36. Rf8 Rxc4 (36... f5 $142 37. c5 Be5) 37. Rxf7 Rxc2+ 38. Kh3 Be5 {Threatens to win with ...Bf6.} 39. Rh7 $2 {[#] White does not recover from this.} (39. Rf1 $17) 39... h5 $1 $19 {aiming for ...Ke8.} 40. Rh6 Rc6 41. Nd2 {[#]} Ke8 $1 42. Ne4 $2 (42. g4 Rc3+ 43. Kh4) 42... Bg7 43. Rh7 Kf8 44. g4 Kg8 45. Ng5 Bf6 46. gxh5 Bxg5 {Black mates.} 47. hxg6 Rxg6 {KRB-KR} 48. Rh5 Rh6 49. Kg4 Rxh5 50. Kxh5 {KB-KP} Bf4 51. h4 Kg7 52. Kg4 e5 53. Kf5 Kh6 54. Kg4 Kg6 55. h5+ Kh6 56. Kh4 Bg5+ 57. Kg4 e4 58. Kh3 Kxh5 59. Kg3 e3 60. Kf3 Kh4 61. Kg2 {Cut Off at move 61} Kg4 62. Kf1 Kf3 63. Ke1 Bh4+ 64. Kf1 e2+ 65. Kg1 e1=Q+ 66. Kh2 Bg3+ 67. Kh3 Qh1# {Weighted Error Value: White=0.48/Black=0.09} 0-1

[Event "FIDE Online-ch U18 Girls 2020"]
[Site "Online"]
[Date "2020.12.19"]
[Round "1.5"]
[White "Priyanka Nutakki"]
[Black "Demchenko, Svitlana"]
[Result "1-0"]
[WhiteElo "2263"]
[BlackElo "2071"]
[Annotator "TA"]
[PlyCount "99"]
[EventDate "2020.12.18"]
[EventType "k.o."]
[EventCountry "NET"]
[SourceTitle "playchess.com"]
[Source "ChessBase"]
[SourceQuality "1"]

{[%evp 9,99,14,11,9,21,14,15,0,10,-36,-25,-51,-40,-32,-16,-19,0,0,36,-44,41,28,38,-44,0,0,0,0,0,0,0,0,12,0,28,33,121,68,110,33,310,317,329,203,294,297,354,364,449,454,452,136,458,455,450,467,552,545,725,679,573,562,553,496,1768,1884,1616,1553,853,728,1824,1663,12830,2339,1634,1557,1185,1331,12835,12835,12836,12835,12837,12838,12839,12839,12838,12838,12841,12841,12841,12841]} 1. Nf3 Nf6 2. e3 c5 3. c4 Nc6 4. Nc3 e5 5. d4 e4 6. Ne5 {A34: Symmetrical English: 2 Nc3, lines with ...d5.} g6 (6... h5 {keeps more tension.} 7. Be2 Qc7 8. Rb1 cxd4 9. exd4 Nxe5 10. Nb5 Qb8) 7. Be2 Bg7 8. O-O {The position is equal.} O-O 9. b3 Ne7 10. Bb2 ({Of course not} 10. dxc5 Ne8 $17) 10... d6 11. Ng4 {[#] Hoping for Nxf6+.} Nxg4 $146 (11... Ne8 {looks sharper.} 12. h3 f5 13. Nh2 cxd4 14. exd4 Nf6) ({Predecessor:} 11... Bxg4 12. Bxg4 Nxg4 13. Qxg4 f5 14. Qe2 cxd4 15. exd4 d5 16. Rfd1 Qa5 17. Rac1 Rf7 18. cxd5 {½-½ (28) Zlotkowski,A (2401)-Ingersol,H (2400) ICCF email 2015}) 12. Bxg4 f5 13. Be2 Nc6 {[%cal Rc5d4]} 14. Nd5 (14. dxc5 $14 dxc5 15. Qc1) 14... f4 (14... cxd4 $15 15. exd4 f4) 15. Nxf4 $14 cxd4 {And now ...d3 would win.} 16. Rb1 (16. Bg4 $14) 16... d3 17. Bg4 Bxb2 18. Rxb2 Qf6 19. Rd2 Ne5 20. Bxc8 Raxc8 21. f3 $1 exf3 (21... b5 $5 22. cxb5 Qf5 $11) 22. gxf3 Kh8 {[#]} ({Black should try} 22... Rce8 $14) 23. Kh1 (23. Nd5 $1 $16 {[%cal Rd5f6]} Qe6 24. f4) 23... g5 24. Nd5 ({Better is} 24. Nxd3 $16 Ng4 25. Qe1) 24... Qh6 $2 {[%mdl 8192]} (24... Qf7 $1 $14) 25. f4 $18 Ng6 26. Rxd3 gxf4 (26... Rce8 {might work better.} 27. Rd4 gxf4) 27. exf4 Rce8 28. Rg3 Rf5 29. Qa1+ Qg7 30. Qxg7+ Kxg7 {[#] This costs Black the game.} 31. Ne3 $1 {[%cal Re3f5] White is clearly winning.} Rf6 32. f5 {[%mdl 64] Pin} Rxe3 33. Rxe3 {[%mdl 4096] Endgame KRR-KRN} Ne5 34. c5 Nc6 35. cxd6 Rxd6 36. Rg1+ Kf6 (36... Kf7 $142 37. Reg3 Kf6) 37. Re6+ Rxe6 38. fxe6 {KR-KN} Ne7 39. Re1 Nd5 40. Re4 Ke7 41. Rh4 (41. Rg4 $142 Kxe6 42. Rg7) 41... Nf6 42. Ra4 a6 43. Rc4 b5 44. Rc6 a5 45. Rb6 b4 46. Ra6 h6 47. Kg2 Nd5 48. Rxa5 Kxe6 49. Ra6+ Kf5 50. Rxh6 {Weighted Error Value: White=0.20/Black=0.49} 1-0

[Event "FIDE Online-ch U18 Girls 2020"]
[Site "Online"]
[Date "2020.12.19"]
[Round "1.6"]
[White "Zhang, Xiao"]
[Black "Ouellet, Maili-Jade"]
[Result "1/2-1/2"]
[WhiteElo "2091"]
[BlackElo "2257"]
[Annotator "ChessBase"]
[PlyCount "133"]
[EventDate "2020.12.18"]
[EventType "k.o."]
[EventCountry "NET"]
[SourceTitle "playchess.com"]
[Source "ChessBase"]
[SourceQuality "1"]

1. d4 {[%emt 0:00:00]} d5 {[%emt 0:00:02]} 2. c4 {[%emt 0:00:02]} e6 {[%emt 0:00:01]} 3. Nf3 {[%emt 0:00:03]} Nf6 {[%emt 0:00:02]} 4. g3 {[%emt 0:00:02]} Be7 {[%emt 0:00:01]} 5. Bg2 {[%emt 0:00:01]} O-O {[%emt 0:00:02]} 6. Nc3 {[%emt 0:00:02]} dxc4 {[%emt 0:00:32]} 7. Ne5 {[%emt 0:00:02]} c5 {[%emt 0:00:14]} 8. dxc5 {[%emt 0:00:03]} Qxd1+ {[%emt 0:00:08]} 9. Nxd1 {[%emt 0:00:02]} Bxc5 {[%emt 0:00:03]} 10. Nc3 {[%emt 0:00:04]} Nc6 {[%emt 0:00:55]} 11. Nxc4 {[%emt 0:00:06]} Bd7 {[%emt 0:01:12]} 12. O-O {[%emt 0:00:19]} Rac8 {[%emt 0:00:16]} 13. Rd1 {[%emt 0:01:07]} Rfd8 {[%emt 0:01:24]} 14. Bg5 {[%emt 0:01:03]} Be8 {[%emt 0:01:59]} 15. Bxf6 {[%emt 0:01:11]} gxf6 {[%emt 0:00:08]} 16. Ne4 {[%emt 0:00:02]} Be7 {[%emt 0:01:53]} 17. Ned6 {[%emt 0:01:47]} Rc7 {[%emt 0:00:57]} 18. Nxe8 {[%emt 0:03:12]} Rxe8 {[%emt 0:00:04]} 19. Nd6 {[%emt 0:01:25]} Rd8 {[%emt 0:01:05]} 20. Nxb7 {[%emt 0:00:24]} Rxb7 {[%emt 0:01:13]} 21. Bxc6 {[%emt 0:00:08]} Rxb2 {[%emt 0:00:07]} 22. Rxd8+ {[%emt 0:00:21]} Bxd8 {[%emt 0:00:03]} 23. Bf3 {[%emt 0:00:13]} f5 {[%emt 0:01:24]} 24. a4 {[%emt 0:00:10]} Bf6 {[%emt 0:00:27]} 25. Rd1 {[%emt 0:00:42]} Ra2 {[%emt 0:00:19]} 26. Rd7 {[%emt 0:00:02]} Rxa4 {[%emt 0:00:54]} 27. Bh5 {[%emt 0:00:02]} Ra6 {[%emt 0:01:02]} 28. Rxf7 {[%emt 0:00:32]} Bg7 {[%emt 0:00:22]} 29. Rb7 {[%emt 0:00:06]} Bd4 {[%emt 0:00:21]} 30. e3 {[%emt 0:01:11]} Bc5 {[%emt 0:00:18]} 31. Kg2 {[%emt 0:01:02]} Rd6 {[%emt 0:00:33]} 32. h4 {[%emt 0:00:30]} a5 {[%emt 0:00:16]} 33. Be8 {[%emt 0:00:16]} Bb4 {[%emt 0:00:21]} 34. h5 {[%emt 0:00:10]} e5 {[%emt 0:00:40]} 35. Bf7+ {[%emt 0:00:30]} Kh8 {[%emt 0:00:13]} 36. Bb3 {[%emt 0:00:29]} Rf6 {[%emt 0:01:00]} 37. Bc2 {[%emt 0:00:38]} h6 {[%emt 0:00:15]} 38. f3 {[%emt 0:00:32]} Kg8 {[%emt 0:00:16]} 39. g4 {[%emt 0:00:42]} fxg4 {[%emt 0:00:06]} 40. fxg4 {[%emt 0:00:02]} Bd2 {[%emt 0:00:13]} 41. Bb3+ {[%emt 0:00:39]} Kf8 {[%emt 0:00:02]} 42. Rb5 {[%emt 0:00:39]} Bxe3 {[%emt 0:00:19]} 43. Rxe5 {[%emt 0:00:13]} Bd2 {[%emt 0:00:09]} 44. Rd5 {[%emt 0:00:13]} Bb4 {[%emt 0:00:11]} 45. Rd7 {[%emt 0:00:06]} Ke8 {[%emt 0:00:14]} 46. Ra7 {[%emt 0:00:19]} Bc3 {[%emt 0:00:11]} 47. Ba4+ {[%emt 0:00:27]} Kf8 {[%emt 0:00:04]} 48. Rc7 {[%emt 0:00:41]} Bb4 {[%emt 0:00:07]} 49. Bc2 {[%emt 0:00:05]} Ke8 {[%emt 0:00:16]} 50. Bg6+ {[%emt 0:00:10]} Kd8 {[%emt 0:00:02]} 51. Ra7 {[%emt 0:00:02]} Bd2 {[%emt 0:00:04]} 52. Bf5 {[%emt 0:00:04]} Ke8 {[%emt 0:00:03]} 53. Kf3 {[%emt 0:00:03]} Rd6 {[%emt 0:00:08]} 54. Ke4 {[%emt 0:00:04]} Bc3 {[%emt 0:00:06]} 55. Bg6+ {[%emt 0:00:16]} Kd8 {[%emt 0:00:05]} 56. Bf5 {[%emt 0:00:17]} Rd4+ {[%emt 0:00:06]} 57. Ke3 {[%emt 0:00:02]} Rd6 {[%emt 0:00:04]} 58. Kf3 {[%emt 0:00:11]} Bd2 {[%emt 0:00:08]} 59. Ke4 {[%emt 0:00:03]} Bc3 {[%emt 0:00:07]} 60. Kf4 {[%emt 0:00:28]} Rd4+ {[%emt 0:00:35]} 61. Kf3 {[%emt 0:00:03]} Rd6 {[%emt 0:00:26]} 62. Be4 {[%emt 0:00:18]} Kc8 {[%emt 0:00:15]} 63. Kf4 {[%emt 0:00:08]} Kb8 {[%emt 0:00:11]} 64. Rb7+ {[%emt 0:00:04]} Kc8 {[%emt 0:00:05]} 65. Ra7 {[%emt 0:00:19]} Kb8 {[%emt 0:00:05]} 66. Rb7+ {[%emt 0:00:04]} Kc8 {[%emt 0:00:01]} 67. Ra7 {[%emt 0:00:03]} 1/2-1/2

[Event "FIDE Online-ch U18 Girls 2020"]
[Site "Online"]
[Date "2020.12.19"]
[Round "1.8"]
[White "Muetsch, Annmarie"]
[Black "Yan, Tianqi"]
[Result "1/2-1/2"]
[WhiteElo "2236"]
[BlackElo "2207"]
[Annotator "ChessBase"]
[PlyCount "86"]
[EventDate "2020.12.18"]
[EventType "k.o."]
[EventCountry "NET"]
[SourceTitle "playchess.com"]
[Source "ChessBase"]
[SourceQuality "1"]

1. e4 {[%emt 0:00:00]} e6 {[%emt 0:00:02]} 2. d4 {[%emt 0:00:05]} d5 {[%emt 0:00:02]} 3. Nd2 {[%emt 0:00:04]} c5 {[%emt 0:00:02]} 4. Ngf3 {[%emt 0:00:12]} cxd4 {[%emt 0:00:03]} 5. Nxd4 {[%emt 0:00:04]} Nf6 {[%emt 0:00:04]} 6. exd5 {[%emt 0:00:15]} Qxd5 {[%emt 0:00:03]} 7. Nb5 {[%emt 0:00:28]} Na6 {[%emt 0:00:02]} 8. Nc3 {[%emt 0:00:57]} Qe5+ {[%emt 0:00:35]} 9. Be2 {[%emt 0:00:13]} Be7 {[%emt 0:00:56]} 10. Nc4 {[%emt 0:00:18]} Qc7 {[%emt 0:00:20]} 11. Nb5 {[%emt 0:00:31]} Qc6 {[%emt 0:00:25]} 12. Nbd6+ {[%emt 0:02:27]} Bxd6 {[%emt 0:00:24]} 13. Nxd6+ {[%emt 0:01:23]} Ke7 {[%emt 0:00:06]} 14. Nxc8+ {[%emt 0:01:08]} Raxc8 {[%emt 0:00:19]} 15. c4 {[%emt 0:01:40]} Rhd8 {[%emt 0:00:21]} 16. Qb3 {[%emt 0:00:09]} Nc5 {[%emt 0:00:44]} 17. Qh3 {[%emt 0:00:24]} Kf8 {[%emt 0:00:20]} 18. O-O {[%emt 0:00:08]} Kg8 {[%emt 0:00:06]} 19. Be3 {[%emt 0:00:29]} a6 {[%emt 0:00:43]} 20. Rad1 {[%emt 0:00:18]} Nce4 {[%emt 0:00:19]} 21. Bd4 {[%emt 0:01:26]} Rd7 {[%emt 0:01:09]} 22. Qe3 {[%emt 0:00:53]} Rcd8 {[%emt 0:00:19]} 23. b3 {[%emt 0:01:18]} Nd6 {[%emt 0:02:41]} 24. Bxf6 {[%emt 0:00:17]} gxf6 {[%emt 0:00:11]} 25. Qg3+ {[%emt 0:00:42]} Kh8 {[%emt 0:00:09]} 26. Qh4 {[%emt 0:00:06]} Kg7 {[%emt 0:02:01]} 27. Rd4 {[%emt 0:00:23]} f5 {[%emt 0:00:18]} 28. Qg5+ {[%emt 0:00:07]} Kf8 {[%emt 0:00:03]} 29. Qh6+ {[%emt 0:00:58]} Ke7 {[%emt 0:00:06]} 30. Qh4+ {[%emt 0:00:07]} Kf8 {[%emt 0:00:07]} 31. Qxh7 {[%emt 0:00:04]} Ne4 {[%emt 0:00:04]} 32. Qh8+ {[%emt 0:00:31]} Ke7 {[%emt 0:00:02]} 33. Qh4+ {[%emt 0:00:03]} Ke8 {[%emt 0:00:08]} 34. Rxd7 {[%emt 0:00:10]} Qxd7 {[%emt 0:00:05]} 35. h3 {[%emt 0:00:15]} Qc7 {[%emt 0:01:03]} 36. Rd1 {[%emt 0:00:44]} Rxd1+ {[%emt 0:00:09]} 37. Bxd1 {[%emt 0:00:02]} Qa5 {[%emt 0:00:03]} 38. Bf3 {[%emt 0:00:31]} Qe1+ {[%emt 0:00:16]} 39. Kh2 {[%emt 0:00:02]} Nxf2 {[%emt 0:00:02]} 40. Qh8+ {[%emt 0:00:24]} Ke7 {[%emt 0:00:04]} 41. Qh4+ {[%emt 0:00:21]} Ke8 {[%emt 0:00:08]} 42. Qh8+ {[%emt 0:00:02]} Ke7 {[%emt 0:00:01]} 43. Qh4+ {[%emt 0:00:04]} Ke8 {[%emt 0:00:03]} 1/2-1/2

[Event "FIDE Online-ch U18 Girls 2020"]
[Site "Online"]
[Date "2020.12.19"]
[Round "2.1"]
[White "Yip, Carissa"]
[Black "Yan, Tianqi"]
[Result "1-0"]
[WhiteElo "2421"]
[BlackElo "2207"]
[Annotator "TA"]
[PlyCount "38"]
[EventDate "2020.12.18"]
[EventType "k.o."]
[EventCountry "NET"]
[SourceTitle "playchess.com"]
[Source "ChessBase"]
[SourceQuality "1"]

{[%evp 19,25,33,35,4,0,0,51,62]} 1. e4 c5 2. Nf3 d6 3. d4 cxd4 4. Nxd4 Nf6 5. Nc3 Nc6 6. Bg5 e6 7. Qd2 a6 8. O-O-O Bd7 9. f4 Be7 10. Nf3 b5 11. a3 {[%cal Ba2a3,Ba3b4][%mdl 32] B68: Sicilian: Richter-Rauzer: 7...a6 8 0-0-0 Bd7 9 f4 Be7 .} Qa5 12. Kb1 {Hoping for e5.} b4 ({Black should play} 12... h6 $11 13. Bh4 Rd8) 13. axb4 {[#]  Weighted Error Value: White=0.12/Black=0.20} {Predecessor:} Nxb4 $146 14. Bc4 Rd8 15. Rhe1 O-O 16. Bb3 Qc7 17. f5 Nc6 18. fxe6 fxe6 19. Bf4 Ne5 {½-½ (53) Raghunandan,K (2449)-Praggnanandhaa,R (2567) New Delhi 2019} 1-0